Library Banner

Introduction to materials science for engineers / (Record no. 114481)

MARC details
000 -LEADER
fixed length control field 00544pam a2200193 a 4500
001 - CONTROL NUMBER
control field 2562046
005 - DATE AND TIME OF LATEST TRANSACTION
control field 20191118113311.0
008 - FIXED-LENGTH DATA ELEMENTS--GENERAL INFORMATION
fixed length control field 950901s1996 njua b 001 0 eng
020 ## - INTERNATIONAL STANDARD BOOK NUMBER
International Standard Book Number 0024097616
040 ## - CATALOGING SOURCE
Transcribing agency PK-LaUMT
082 00 - DEWEY DECIMAL CLASSIFICATION NUMBER
Classification number 621.11
Edition number 20
Item number SHA-I
100 1# - MAIN ENTRY--PERSONAL NAME
Personal name Shackelford, James F.
245 10 - TITLE STATEMENT
Title Introduction to materials science for engineers /
Statement of responsibility, etc by James F. Shackelford
250 ## - EDITION STATEMENT
Edition statement 8th ed.
260 ## - PUBLICATION, DISTRIBUTION, ETC. (IMPRINT)
Place of publication, distribution, etc Boston :
Name of publisher, distributor, etc Prentice Hall,
Date of publication, distribution, etc 2016
300 ## - PHYSICAL DESCRIPTION
Extent 617 p. :
Other physical details ill. (some col.) ;
Dimensions 27 cm.
650 #0 - SUBJECT ADDED ENTRY--TOPICAL TERM
Topical term or geographic name as entry element Materials.
942 ## - ADDED ENTRY ELEMENTS (KOHA)
Koha item type Books
Holdings
Withdrawn status Lost status Damaged status Home library Current library Date acquired Full call number Barcode Date last seen Price effective from Koha item type
      UMT Main Campus UMT Main Campus 2019-11-05 621.11 SHA-I 129703 2019-11-05 2019-11-05 Books